Podstata tvorby marketingovej stratégie podniku orientovaného na TQEM
Uplatňovanie filozofie TQEM -(Total Quality Environmental Management). Profil podniku orientovaného na uplatňovanie TQEM. Environmentálny marketing. Futuristická koncepcia marketingového podnikania. Úlohy environmentálneho marketingu. Princípy TQEM.
Na minha lista:
| Autor principal: | |
|---|---|
| Formato: | Capítulo de Livro |
| Idioma: | eslovaco |
| Assuntos: | |
| Tags: |
Sem tags, seja o primeiro a adicionar uma tag!
|
MARC
| LEADER | 00000naa$a2200000$$$4500 | ||
|---|---|---|---|
| 001 | 0021254 | ||
| 005 | 20231011134602.9 | ||
| 041 | 0 | |a slo | |
| 044 | |a SK | ||
| 245 | 1 | 0 | |a Podstata tvorby marketingovej stratégie podniku orientovaného na TQEM |c Adrián Podskľan |
| 520 | |a Uplatňovanie filozofie TQEM -(Total Quality Environmental Management). Profil podniku orientovaného na uplatňovanie TQEM. Environmentálny marketing. Futuristická koncepcia marketingového podnikania. Úlohy environmentálneho marketingu. Princípy TQEM. | ||
| 610 | 2 | 0 | |a stratégia marketingová |
| 610 | 2 | 0 | |a marketing environmentálny |
| 610 | 2 | 0 | |a podnikanie |
| 610 | 2 | 0 | |a stratégia podniková |
| 610 | 2 | 0 | |a koncepcie |
| 100 | 1 | |a Podskľan, Adrián | |